000 00391nam a2200169Ia 4500
003 0STCL
008 150530s9999 xx 000 0 und d
040 _aSTCL
_cSTCL
100 _aRaghavan Thirumulpadu, K.
245 _aAyurarogya Soukhyam
260 _bBharath; Ernakulam
_c1995
300 _a0
546 _aMalayalam
942 _2ddc
_cBK
999 _c40123
_d40123
005 20220125170512.0